Duende 2: carpeta didáctica talleres Duende de lengua castellana. Propuesta Bruño para el primer ciclo de educación primaria

Guardado en:
Detalles Bibliográficos
Autores principales: González Hernández, José (Autor), Ochoa Sánchez, María Fernanda (Autor)
Otros Autores: Martínez Cerón, Ginés (autor)
Formato: Libro
Lenguaje:español
Publicado: Madrid Bruño 1992
Materias:
Etiquetas: Agregar Etiqueta
Sin Etiquetas, Sea el primero en etiquetar este registro!

MARC

LEADER 00000nam a2200000 a 4500
001 UCP5249
003 CL-VaPUC
008 990903e19920000SP |||||||||||||||||spa|d
082 0 4 |a 372.41  |b GON  |2 21 
100 |a González Hernández, José  |e author  |9 433555 
700 |a Martínez Cerón, Ginés  |e autor  |9 433554 
700 0 |a Ochoa Sánchez, María Fernanda  |e author  |9 433512 
245 1 0 |a Duende 2: carpeta didáctica talleres Duende de lengua castellana. Propuesta Bruño para el primer ciclo de educación primaria 
300 |a 120 p 
942 |c BK 
945 |d 19990903 00:00:00  |a cmena 
260 |a Madrid  |b Bruño  |c 1992 
650 0 |a Educación básica   |9 224933 
650 0 |a Enseñanza del lenguaje  |9 373325 
650 0 |a Escritura  |9 264941 
650 0 |a Lenguaje   |9 265069 
650 0 |a Métodos de enseñanza  |9 270413 
583 |a last modification  |c 19990903 00:00:00  |k Rodrigo Vera 
999 |c 283022  |d 283020 
952 |0 0  |1 0  |4 0  |6 372_410000000000000_GON_1992  |7 0  |8 P  |9 325762  |a BIBEDU  |b BIBEDU  |c BIBEDU_PB  |d 2019-11-20  |i 3540715  |o 372.41 GON 1992  |p 3540715  |r 2024-01-25  |w 2019-11-20  |y BK  |k BME